NBA Starters 2024–2025 - Statistics

General Stats
  • This quiz has been taken 27,316 times
    13,049 since last reset
  • The average score is 99 of 150
Answer Stats
Team Pos Player % Correct
Bucks PF Giannis Antetokounmpo
94%
76ers PG Tyrese Maxey
92%
Celtics PF Jayson Tatum
91%
Lakers SF LeBron James
91%
Celtics SF Jaylen Brown
90%
Lakers PG Luka Dončić
90%
Celtics SG Derrick White
89%
Grizzlies PG Ja Morant
89%
Hornets PG LaMelo Ball
89%
Bulls SG Coby White
88%
Bucks PG Damian Lillard
88%
Cavaliers SG Donovan Mitchell
88%
Knicks PG Jalen Brunson
88%
Clippers SG James Harden
88%
Nuggets C Nikola Jokić
88%
Hawks PG Trae Young
88%
Heat PG Davion Mitchell
87%
Warriors PF Draymond Green
87%
Warriors PG Stephen Curry
87%
Rockets SG Jalen Green
86%
Thunder SF Jalen Williams
86%
Nuggets PG Jamal Murray
86%
Knicks C Karl-Anthony Towns
86%
Clippers SF Kawhi Leonard
86%
Hornets C Mark Williams
86%
Thunder PG S. Gilgeous-Alexander
86%
Mavericks C Anthony Davis
85%
Hornets SG Josh Green
85%
Celtics PG Jrue Holiday
85%
Suns PF Kevin Durant
85%
76ers SF Paul George
85%
Nets SF Ziaire Williams
85%
Timberwolves SG Anthony Edwards
84%
Pelicans PG Dejounte Murray
84%
Suns SG Devin Booker
84%
Kings PF Keegan Murray
84%
Celtics C Kristaps Porziņģis
84%
Bulls PG Lonzo Ball
84%
Pacers PG Tyrese Haliburton
84%
Pistons PG Cade Cunningham
83%
Cavaliers PG Darius Garland
83%
Mavericks SG Klay Thompson
83%
Wizards SG Kyshawn George
83%
Spurs C Victor Wembanyama
83%
Lakers SG Austin Reaves
82%
Heat C Bam Adebayo
82%
Cavaliers PF Evan Mobley
82%
Grizzlies PF Jaren Jackson Jr.
82%
Cavaliers C Jarrett Allen
82%
Rockets SF Amen Thompson
81%
Bucks C Brook Lopez
81%
Knicks SG Josh Hart
81%
Mavericks PG Kyrie Irving
81%
Magic PF Paolo Banchero
81%
Pelicans PF Zion Williamson
81%
Clippers C Ivica Zubac
78%
Warriors SF Jimmy Butler
78%
Knicks SF Mikal Bridges
78%
Hornets PF Miles Bridges
78%
Heat SG Tyler Herro
78%
Nuggets PF Aaron Gordon
77%
Thunder C Chet Holmgren
77%
Kings C Domantas Sabonis
77%
Timberwolves C Rudy Gobert
77%
Kings SG Zach LaVine
77%
Spurs PG De'Aaron Fox
75%
Kings SF DeMar DeRozan
75%
Nuggets SF Michael Porter Jr.
75%
Pacers PF Pascal Siakam
75%
Spurs PG Chris Paul
73%
Magic SF Franz Wagner
73%
Jazz PF Lauri Markkanen
73%
Pacers C Myles Turner
73%
Raptors PF Scottie Barnes
72%
Grizzlies SG Desmond Bane
71%
Spurs PF Harrison Barnes
71%
Rockets C Alperen Şengün
69%
Bulls PG Josh Giddey
68%
Timberwolves PF Julius Randle
68%
Timberwolves PG Mike Conley
68%
Bulls C Nikola Vučević
68%
Suns SG Bradley Beal
67%
Nets PF Cameron Johnson
67%
Thunder C Isaiah Hartenstein
67%
Hawks PF Jalen Johnson
67%
Bucks PF Kyle Kuzma
67%
Nets SG Keon Johnson
66%
Knicks SF OG Anunoby
66%
Lakers PF Rui Hachimura
66%
Rockets PG Fred VanVleet
65%
Lakers C Jaxson Hayes
64%
Wizards SG Jordan Poole
63%
Nuggets SG Christian Braun
62%
Wizards SF Khris Middleton
62%
Thunder SF Luguentz Dort
62%
Pistons C Jalen Duren
61%
Grizzlies C Zach Edey
61%
Raptors SF Brandon Ingram
59%
Mavericks C Daniel Gafford
58%
Trail Blazers C Deandre Ayton
58%
Timberwolves SF Jaden McDaniels
58%
Clippers SG Norman Powell
58%
Heat SF Andrew Wiggins
57%
Magic SG Jalen Suggs
57%
Warriors SG Brandin Podziemski
56%
Trail Blazers PG Anfernee Simons
55%
Rockets SF Dillon Brooks
54%
Cavaliers SF Max Strus
54%
Nets C Nic Claxton
54%
Pistons PF Tobias Harris
54%
Pacers SG Andrew Nembhard
53%
Jazz C Walker Kessler
53%
Pelicans PG C.J. McCollum
52%
Jazz SG Collin Sexton
52%
Hawks SG Dyson Daniels
52%
Mavericks PF P.J. Washington
51%
Hornets SF Brandon Miller
50%
Raptors SF RJ Barrett
48%
Magic SG K. Caldwell-Pope
46%
Magic C Wendell Carter Jr.
46%
Raptors C Jakob Pöltl
45%
Pacers SF Aaron Nesmith
44%
Pistons SG Jaden Ivey
44%
Wizards C Alex Sarr
43%
Nets PG D'Angelo Russell
43%
Spurs SG Devin Vassell
43%
Raptors PG Immanuel Quickley
43%
76ers SF Kelly Oubre Jr.
43%
Jazz PF John Collins
42%
Kings SG Malik Monk
42%
Heat C Kel'el Ware
40%
Clippers PG Kris Dunn
39%
Hawks SF Zaccharie Risacher
39%
Suns PF Ryan Dunn
38%
Hawks C Onyeka Okongwu
37%
76ers SG Quentin Grimes
35%
Trail Blazers SF Deni Avdija
34%
Trail Blazers PF Jerami Grant
34%
Warriors SG Moses Moody
32%
Pelicans SF Trey Murphy III
32%
Bulls PF Matas Buzelis
31%
76ers C Guerschon Yabusele
30%
Pistons SF Tim Hardaway Jr.
30%
Jazz PG Isaiah Collier
26%
Pelicans C Yves Missi
26%
Grizzlies SF Jaylen Wells
25%
Suns C Nick Richards
25%
Bucks SF Taurean Prince
25%
Trail Blazers PF Toumani Camara
21%
Wizards SF Bilal Coulibaly
19%
No matching quizzes found
Score Distribution
Percent of People with Each Score
Percentile by Number Answered
Your Score History
You have not taken this quiz since the last reset